[Event "HUN-chT2 Breyer 1112"]
[Site "Hungary"]
[Date "2012.05.06"]
[Round "10.8"]
[White "Kosa, Gergely"]
[Black "Szecsi, Peter"]
[Result "1-0"]
[WhiteElo "2001"]
[BlackElo "1860"]
[PlyCount "83"]
[EventDate "2011.09.25"]
[EventType "team-tourn"]
[EventRounds "11"]
[EventCountry "HUN"]
[SourceTitle "EXT 2013"]
[Source "ChessBase"]
[SourceDate "2012.11.22"]
[SourceVersion "1"]
[SourceVersionDate "2012.11.22"]
[SourceQuality "1"]
[WhiteTeam "Husi"]
[BlackTeam "Szazhalombatta"]
[WhiteTeamCountry "HUN"]
[BlackTeamCountry "HUN"]

1. c4 Nf6 2. g3 g6 3. Bg2 Bg7 4. Nf3 c5 5. 0-0 Nc6 6. d4 cxd4 7. Nxd4 0-0 8. Nc2 d6 9. Nc3 Ne5 10. b3 Rb8 11. Bb2 a6 12. Rc1 Bd7 13. h3 Qb6 14. Ba1 Rfc8 15. Kh2 Qc5 16. Nd5 Nxd5 17. cxd5 Be8 18. Qd2 Qb6 19. Bd4 Qd8 20. f4 Nd7 21. Bxg7 Kxg7 22. Qd4+ Kg8 23. Ne3 Qb6 24. Qe4 Qd8 25. Ng4 Nf6 26. Nxf6+ exf6 27. Qd4 f5 28. h4 Bb5 29. Bf3 Qe7 30. Qd2 Re8 31. Rfe1 Rbc8 32. a4 Bd7 33. Qd4 b5 34. a5 Rxc1 35. Rxc1 Qe3 36. Qxe3 Rxe3 37. Rc7 Be8 38. Ra7 Rxb3 39. Rxa6 Ra3 40. Rxd6 Rxa5 41. Rd8 Kf8 42. d6 1-0

[Event "HUN-chT2 Breyer 1112"]
[Site "Hungary"]
[Date "2012.02.19"]
[Round "6.9"]
[White "Papp, Gabor1"]
[Black "Kosa, Gergely"]
[Result "0-1"]
[WhiteElo "1887"]
[BlackElo "2001"]
[PlyCount "54"]
[EventDate "2011.09.25"]
[EventType "team-tourn"]
[EventRounds "11"]
[EventCountry "HUN"]
[SourceTitle "EXT 2013"]
[Source "ChessBase"]
[SourceDate "2012.11.22"]
[SourceVersion "1"]
[SourceVersionDate "2012.11.22"]
[SourceQuality "1"]
[WhiteTeam "Gyor Komszomol"]
[BlackTeam "Husi"]
[WhiteTeamCountry "HUN"]
[BlackTeamCountry "HUN"]

1. e4 d5 2. exd5 Qxd5 3. Nc3 Qd6 4. g3 Nf6 5. Bg2 Bg4 6. Nge2 Nc6 7. 0-0 0-0-0 8. h3 Bf5 9. d3 h5 10. h4 Qd7 11. Be3 Bh3 12. f3 e5 13. Ne4 Bxg2 14. Kxg2 Nd5 15. Bf2 f5 16. Ng5 f4 17. gxf4 exf4 18. Qd2 Bd6 19. a3 Rde8 20. Rh1 Ne3+ 21. Kg1 Rh6 22. c3 Rg6 23. Bxe3 fxe3 24. Qe1 Ne5 25. Qf1 Qf5 26. Ng3 Nxf3+ 27. Kg2 Nxh4+ 0-1

[Event "Budapest-chT1 Lilienthal 1112"]
[Site "Budapest"]
[Date "2011.12.04"]
[Round "4"]
[White "Kosa, Gergely"]
[Black "Kaposztas, Miklos"]
[Result "0-1"]
[WhiteElo "2001"]
[BlackElo "2187"]
[PlyCount "62"]
[EventDate "2011.10.02"]
[EventType "team-tourn"]
[EventRounds "11"]
[EventCountry "HUN"]
[SourceTitle "EXT 2020"]
[Source "ChessBase"]
[SourceDate "2019.10.17"]
[SourceVersion "1"]
[SourceVersionDate "2019.10.17"]
[SourceQuality "1"]
[WhiteTeam "Budapest HUSI II"]
[BlackTeam "Budapest Vasas II"]
[WhiteTeamCountry "HUN"]
[BlackTeamCountry "HUN"]

1. c4 g6 2. g3 Bg7 3. Bg2 Nf6 4. Nf3 0-0 5. 0-0 c6 6. d4 d5 7. cxd5 cxd5 8. Nc3 Ne4 9. Qb3 Nc6 10. Be3 Nxc3 11. bxc3 Na5 12. Qb4 Bg4 13. Bg5 Re8 14. h3 Bxf3 15. Bxf3 h6 16. Bf4 Rc8 17. e4 Rc4 18. Qa3 dxe4 19. Bxe4 e5 20. Bd3 exf4 21. Bxc4 Nxc4 22. Qxa7 Qd7 23. Rfe1 fxg3 24. Rxe8+ Qxe8 25. Qxb7 gxf2+ 26. Kf1 Qe6 27. Qb8+ Kh7 28. Qf4 Qxh3+ 29. Kxf2 Qxc3 30. Rd1 Nb2 31. Rd2 Nd3+ 0-1

[Event "HUN-chT2 Charousek 1011"]
[Site "Hungary"]
[Date "2011.03.27"]
[Round "7"]
[White "Kosa, Gergely"]
[Black "Szinavel, Zsolt"]
[Result "1/2-1/2"]
[WhiteElo "2037"]
[BlackElo "2120"]
[PlyCount "94"]
[EventDate "2010.09.12"]
[EventType "team-tourn"]
[EventRounds "11"]
[EventCountry "HUN"]
[SourceTitle "EXT 2012"]
[Source "ChessBase"]
[SourceDate "2011.11.24"]
[SourceVersion "1"]
[SourceVersionDate "2011.11.24"]
[SourceQuality "1"]
[WhiteTeam "Husi"]
[BlackTeam "Kisber Aszar"]
[WhiteTeamCountry "HUN"]
[BlackTeamCountry "HUN"]

1. e4 e6 2. Qe2 c5 3. f4 Be7 4. Nf3 d5 5. d3 Nf6 6. e5 Nfd7 7. g3 Nc6 8. Bg2 0-0 9. 0-0 Qc7 10. c4 d4 11. Nbd2 b6 12. Ne4 Bb7 13. Bd2 a6 14. h4 b5 15. b3 h6 16. Bh3 Kh8 17. Nh2 Rfe8 18. Qh5 Kg8 19. Ng4 Bf8 20. f5 Ncxe5 21. fxe6 Rxe6 22. Nxe5 g6 23. Rxf7 gxh5 24. Bxe6 Qxe5 25. Rxd7+ Qxe6 26. Rxb7 Bg7 27. Bf4 Rf8 28. Rf1 Qc6 29. Rc7 Qb6 30. Rxc5 Re8 31. Rxh5 bxc4 32. bxc4 Re6 33. Rd5 Re7 34. Bd6 Rf7 35. Rxf7 Kxf7 36. Bf4 Qb1+ 37. Kh2 Qxd3 38. Nd6+ Kg8 39. c5 Qc2+ 40. Kh3 Qxa2 41. c6 Qc2 42. Nf5 Bf6 43. c7 Kh7 44. Nxd4 Qc4 45. Rd8 h5 46. Kg2 Bxd4 47. Rxd4 Qe2+ 1/2-1/2

[Event "Budapest-chT1 Lilienthal 1011"]
[Site "Budapest"]
[Date "2011.03.20"]
[Round "11"]
[White "Kosa, Gergely"]
[Black "Letay, Gyula"]
[Result "1-0"]
[WhiteElo "2037"]
[BlackElo "2089"]
[PlyCount "65"]
[EventDate "2010.09.19"]
[EventType "team-tourn"]
[EventRounds "11"]
[EventCountry "HUN"]
[SourceTitle "EXT 2020"]
[Source "ChessBase"]
[SourceDate "2019.10.17"]
[SourceVersion "1"]
[SourceVersionDate "2019.10.17"]
[SourceQuality "1"]
[WhiteTeam "Budapest HUSI II"]
[BlackTeam "Budapest Vasas II"]
[WhiteTeamCountry "HUN"]
[BlackTeamCountry "HUN"]

1. Nc3 Nf6 2. e4 e5 3. Nf3 Nc6 4. d4 exd4 5. Nxd4 Bb4 6. Nxc6 bxc6 7. Bd3 h6 8. e5 Qe7 9. 0-0 Nd5 10. Qg4 Nxc3 11. a3 Ba5 12. Bd2 Ne2+ 13. Qxe2 Bxd2 14. Qxd2 0-0 15. Rae1 a5 16. Qc3 Ba6 17. Bxa6 Rxa6 18. f4 Rb6 19. f5 Rb5 20. Qg3 Qc5+ 21. Rf2 Rxb2 22. f6 g6 23. Qd3 Re8 24. Qxd7 Rxe5 25. Ref1 Kf8 26. Qd2 g5 27. Kh1 Qd6 28. Qc3 Rbb5 29. Rd2 Rf5 30. Rdd1 Qxf6 31. Qxf6 Rxf6 32. Rxf6 Rb2 33. Rxc6 1-0

[Event "Budapest-chT1 Lilienthal 1011"]
[Site "Budapest"]
[Date "2010.09.19"]
[Round "1"]
[White "Imre, Jozsef"]
[Black "Kosa, Gergely"]
[Result "1-0"]
[WhiteElo "2093"]
[BlackElo "2037"]
[PlyCount "67"]
[EventDate "2010.09.19"]
[EventType "team-tourn"]
[EventRounds "11"]
[EventCountry "HUN"]
[SourceTitle "EXT 2020"]
[Source "ChessBase"]
[SourceDate "2019.10.17"]
[SourceVersion "1"]
[SourceVersionDate "2019.10.17"]
[SourceQuality "1"]
[WhiteTeam "Vizugy II"]
[BlackTeam "Budapest HUSI II"]
[WhiteTeamCountry "HUN"]
[BlackTeamCountry "HUN"]

1. e4 d5 2. exd5 Nf6 3. d4 Nxd5 4. Nf3 g6 5. Be2 Bg7 6. 0-0 0-0 7. c4 Nb6 8. Nc3 Nc6 9. Be3 Bg4 10. b3 Bxf3 11. Bxf3 Nxd4 12. Bxb7 Rb8 13. Be4 f5 14. Bd5+ Nxd5 15. Nxd5 c5 16. Qd2 e6 17. Nc3 Qa5 18. Rac1 Rbd8 19. Qe1 Rfe8 20. Bg5 Rb8 21. Qe3 Nxb3 22. axb3 Rxb3 23. Ra1 Qxc3 24. Qxc5 Bd4 25. Qc6 Rbb8 26. Rab1 Rbc8 27. Qd7 Bb6 28. Rfc1 Qg7 29. Qd2 Qd4 30. Qe2 e5 31. Be3 Qe4 32. c5 Bxc5 33. Qa2+ Kg7 34. Bxc5 1-0

[Event "Budapest Weekend 2nd"]
[Site "Budapest"]
[Date "2010.08.20"]
[Round "1"]
[White "Toth, Antal"]
[Black "Kosa, Gergely"]
[Result "0-1"]
[WhiteElo "1694"]
[BlackElo "2041"]
[PlyCount "32"]
[EventDate "2010.08.20"]
[EventType "swiss"]
[EventRounds "7"]
[EventCountry "HUN"]
[SourceTitle "EXT 2020"]
[Source "ChessBase"]
[SourceDate "2019.10.17"]
[SourceVersion "1"]
[SourceVersionDate "2019.10.17"]
[SourceQuality "1"]

1. e4 c5 2. Nf3 d6 3. d4 cxd4 4. Nxd4 Nf6 5. Nc3 a6 6. Be2 e6 7. Be3 Be7 8. Qd2 Nbd7 9. f4 Qc7 10. 0-0 0-0 11. Rad1 b5 12. a3 Bb7 13. Bf3 Rfe8 14. Qf2 Nc5 15. e5 dxe5 16. Bxb7 exd4 0-1

[Event "HUN-chT2 Erkel 0910"]
[Site "Hungary"]
[Date "2009.11.22"]
[Round "2.10"]
[White "Kosa, Gergely"]
[Black "Veres, Istvan"]
[Result "0-1"]
[WhiteElo "2058"]
[BlackElo "2020"]
[PlyCount "78"]
[EventDate "2009.11.08"]
[EventType "team-tourn"]
[EventRounds "11"]
[EventCountry "HUN"]
[SourceTitle "EXT 2011"]
[Source "ChessBase"]
[SourceDate "2010.11.26"]
[SourceVersion "1"]
[SourceVersionDate "2010.11.26"]
[SourceQuality "1"]
[WhiteTeam "Husi"]
[BlackTeam "Vaci"]
[WhiteTeamCountry "HUN"]
[BlackTeamCountry "HUN"]

1. e4 c5 2. Nf3 Nc6 3. d4 cxd4 4. Nxd4 Nf6 5. Nc3 e5 6. Ndb5 d6 7. Nd5 Nxd5 8. exd5 Nb8 9. c4 a6 10. Nc3 Be7 11. Be2 0-0 12. 0-0 f5 13. f4 Nd7 14. Qc2 e4 15. Be3 b6 16. Rf2 Rb8 17. Kh1 Nf6 18. g4 Nxg4 19. Bxg4 fxg4 20. Qxe4 Bf5 21. Qg2 Bf6 22. Ne4 Re8 23. Ng3 Bd3 24. Re1 Rb7 25. Rd2 Bxc4 26. b3 Bb5 27. a4 Bd7 28. Rde2 b5 29. Ne4 Bf5 30. Bb6 Bxe4 31. Rxe4 Rxe4 32. Qxe4 Rxb6 33. Qe6+ Kf8 34. Rc1 Rb8 35. Rc6 Be7 36. Rxa6 bxa4 37. bxa4 Qc8 38. Ra7 Qc1+ 39. Kg2 Rb2+ 0-1

[Event "HUN-chT2 Maroczy 0607"]
[Site "Hungary"]
[Date "2007.04.15"]
[Round "8"]
[White "Kosa, Gergely"]
[Black "Horvath, Karoly"]
[Result "0-1"]
[WhiteElo "2096"]
[BlackElo "2221"]
[PlyCount "106"]
[EventDate "2006.11.12"]
[EventType "team-tourn"]
[EventRounds "11"]
[EventCountry "HUN"]
[SourceTitle "EXT 2008"]
[Source "ChessBase"]
[SourceDate "2007.11.25"]
[SourceVersion "1"]
[SourceVersionDate "2007.11.25"]
[SourceQuality "1"]
[WhiteTeam "Husi"]
[BlackTeam "Teva"]
[WhiteTeamCountry "HUN"]
[BlackTeamCountry "HUN"]

1. e4 e5 2. Nf3 d5 3. exd5 Bd6 4. d4 e4 5. Ne5 Nf6 6. Bb5+ Nbd7 7. 0-0 0-0 8. Nxd7 Nxd7 9. Nc3 f5 10. Qh5 Nf6 11. Qh4 h6 12. f3 Qe7 13. Bd2 e3 14. Rae1 f4 15. g3 Qf7 16. Bc1 Nh5 17. g4 Nf6 18. Bc4 a6 19. Bb3 Bd7 20. Kh1 Qg6 21. Rg1 Qg5 22. Qxg5 hxg5 23. h3 Rae8 24. Kg2 Kf7 25. Rh1 Rh8 26. Ne2 b5 27. c3 Bc8 28. Bc2 Bb7 29. b3 Bxd5 30. Bd3 Bb7 31. c4 b4 32. Bb2 Rh4 33. d5 Bc5 34. Bf5 Bc8 35. Bxc8 Rxc8 36. Nc1 Nd7 37. Nd3 a5 38. Rd1 Bd6 39. Bd4 c5 40. dxc6 Rxc6 41. Nc1 Nf8 42. Ne2 Ne6 43. Bb2 Be7 44. Rd5 Ra6 45. Be5 a4 46. Nc1 axb3 47. axb3 Rh6 48. Re1 Nf8 49. Re2 Ng6 50. Rb5 Nh4+ 51. Kf1 Nxf3 52. Nd3 Rxh3 53. Kg2 Rg3+ 0-1

[Event "HUN-chT2 Maroczy 0607"]
[Site "Hungary"]
[Date "2007.03.04"]
[Round "6"]
[White "Kosa, Gergely"]
[Black "Konyves, Karoly"]
[Result "1/2-1/2"]
[WhiteElo "2096"]
[BlackElo "2067"]
[PlyCount "26"]
[EventDate "2006.11.12"]
[EventType "team-tourn"]
[EventRounds "11"]
[EventCountry "HUN"]
[SourceTitle "EXT 2008"]
[Source "ChessBase"]
[SourceDate "2007.11.25"]
[SourceVersion "1"]
[SourceVersionDate "2007.11.25"]
[SourceQuality "1"]
[WhiteTeam "Husi"]
[BlackTeam "Vizugy"]
[WhiteTeamCountry "HUN"]
[BlackTeamCountry "HUN"]

1. e4 c5 2. Nf3 e6 3. b3 a6 4. Bb2 Nc6 5. g3 d6 6. d4 cxd4 7. Nxd4 Bd7 8. Bg2 Nf6 9. 0-0 Be7 10. Nd2 0-0 11. h3 Qc7 12. Nc4 Rfd8 13. Qe2 b5 1/2-1/2

[Event "HUN-chT2 Charousek 0506"]
[Site "Hungary"]
[Date "2006.04.09"]
[Round "10"]
[White "Kosa, Gergely"]
[Black "Guzs, Laszlo"]
[Result "1/2-1/2"]
[WhiteElo "2096"]
[BlackElo "2113"]
[PlyCount "66"]
[EventDate "2005.10.16"]
[EventType "team"]
[EventRounds "11"]
[EventCountry "HUN"]
[SourceTitle "EXT 2009"]
[Source "ChessBase"]
[SourceDate "2008.11.26"]
[SourceVersion "1"]
[SourceVersionDate "2008.11.26"]
[SourceQuality "1"]
[WhiteTeam "Husi"]
[BlackTeam "Gyor Elektromos"]
[WhiteTeamCountry "HUN"]
[BlackTeamCountry "HUN"]

1. e4 e5 2. Nf3 Nf6 3. Nxe5 d6 4. Nf3 Nxe4 5. d4 d5 6. Bd3 Nc6 7. 0-0 Be7 8. Re1 Nf6 9. h3 0-0 10. a3 h6 11. c4 Be6 12. c5 a6 13. Qc2 Qc8 14. Bf4 Nh5 15. Be3 f5 16. Nc3 f4 17. Bd2 Bxh3 18. Nxd5 Qg4 19. Bf1 Bf6 20. Qb3 Kh8 21. Nh2 Nxd4 22. Nxg4 Nxb3 23. Ngxf6 Nxf6 24. Nxf6 Nxa1 25. Nh5 Bg4 26. Nxf4 Rfd8 27. Bc3 Rd1 28. Re7 Rd7 29. Bxg7+ Kh7 30. Bd3+ Kg8 31. Bc4+ Kh7 32. Bd3+ Kg8 33. Bc4+ Kh7 1/2-1/2

[Event "HUN-chT2 Breyer 0506"]
[Site "Hungary"]
[Date "2005.12.04"]
[Round "5"]
[White "Kosa, Gergely"]
[Black "Monda, Laszlo"]
[Result "0-1"]
[WhiteElo "2079"]
[BlackElo "2200"]
[PlyCount "77"]
[EventDate "2005.10.16"]
[EventType "team-tourn"]
[EventRounds "11"]
[EventCountry "HUN"]
[SourceTitle "EXT 2009"]
[Source "ChessBase"]
[SourceDate "2008.11.26"]
[SourceVersion "1"]
[SourceVersionDate "2008.11.26"]
[SourceQuality "1"]
[WhiteTeam "Husi II"]
[BlackTeam "MAFC"]
[WhiteTeamCountry "HUN"]
[BlackTeamCountry "HUN"]

1. e4 c5 2. Nf3 e6 3. b3 d5 4. exd5 exd5 5. Bb5+ Bd7 6. Qe2+ Qe7 7. Nc3 Qxe2+ 8. Kxe2 d4 9. Bxd7+ Nxd7 10. Nd5 0-0-0 11. Re1 Nb8 12. Nf4 Re8+ 13. Kf1 Rxe1+ 14. Kxe1 Bd6 15. Nd3 Nf6 16. a4 Nc6 17. Ba3 Ne4 18. Kf1 f5 19. h4 b6 20. Bb2 Re8 21. Re1 Kd7 22. Re2 h6 23. Nc1 Bf4 24. Nd3 Bc7 25. Nc1 Bd8 26. d3 Nc3 27. Bxc3 dxc3 28. Rxe8 Kxe8 29. Ke2 Kf7 30. Kd1 g5 31. hxg5 hxg5 32. Ne2 Bf6 33. Nfg1 Ne5 34. f3 Nc6 35. Nh3 Kg6 36. Nf2 f4 37. Nh3 g4 38. Nf2 Ne7 39. g3 0-1

[Event "HUN-chT2 Breyer 0506"]
[Site "Hungary"]
[Date "2005.11.13"]
[Round "3"]
[White "Kosa, Gergely"]
[Black "Hoang, Tri"]
[Result "1/2-1/2"]
[WhiteElo "2079"]
[BlackElo "2207"]
[PlyCount "42"]
[EventDate "2005.10.16"]
[EventType "team-tourn"]
[EventRounds "11"]
[EventCountry "HUN"]
[SourceTitle "EXT 2009"]
[Source "ChessBase"]
[SourceDate "2008.11.26"]
[SourceVersion "1"]
[SourceVersionDate "2008.11.26"]
[SourceQuality "1"]
[WhiteTeam "Husi II"]
[BlackTeam "Barcza"]
[WhiteTeamCountry "HUN"]
[BlackTeamCountry "HUN"]

1. e4 e5 2. Nf3 Nf6 3. Nc3 Nc6 4. d4 exd4 5. Nxd4 Bb4 6. Nxc6 bxc6 7. Bd3 d5 8. exd5 cxd5 9. 0-0 0-0 10. Bg5 c6 11. Na4 Re8 12. c4 Be6 13. Rc1 Rb8 14. Qc2 h6 15. Bh4 Be7 16. a3 a5 17. Rfe1 d4 18. Re5 Nd7 19. Bxe7 Rxe7 20. Re2 Qc7 21. Rce1 Rbe8 1/2-1/2

[Event "Balaton Cup"]
[Site "Balaton"]
[Date "2005.08.22"]
[Round "1"]
[White "Kosa, Gergely"]
[Black "Szabo, Zsolt Jozsef"]
[Result "0-1"]
[WhiteElo "2079"]
[BlackElo "2479"]
[PlyCount "60"]
[EventDate "2005.08.22"]
[EventType "swiss"]
[EventRounds "9"]
[EventCountry "HUN"]
[SourceTitle "EXT 2008"]
[Source "ChessBase"]
[SourceDate "2007.11.25"]
[SourceVersion "1"]
[SourceVersionDate "2007.11.25"]
[SourceQuality "1"]

1. e4 c5 2. Nf3 d6 3. d4 cxd4 4. Qxd4 Bd7 5. c4 Nc6 6. Qd2 Nf6 7. Nc3 g6 8. b3 Bg7 9. Bb2 0-0 10. Be2 a5 11. a3 Qb6 12. Rb1 Bg4 13. Ba1 Qc5 14. Bb2 Bxf3 15. Bxf3 Ne5 16. Be2 a4 17. b4 Qc8 18. Nd5 Nxd5 19. Qxd5 e6 20. Qb5 Nc6 21. Bxg7 Kxg7 22. Qg5 Nd4 23. Qd2 e5 24. 0-0 Qc6 25. Bd3 f5 26. f3 b6 27. Qb2 Rf6 28. Rbc1 Raf8 29. Rc3 fxe4 30. Bxe4 Qxe4 0-1

[Event "HUN-chT2 Breyer 0405"]
[Site "Hungary"]
[Date "2005.03.06"]
[Round "9"]
[White "Sulyok, Sandor"]
[Black "Kosa, Gergely"]
[Result "1-0"]
[WhiteElo "2310"]
[BlackElo "2090"]
[PlyCount "81"]
[EventDate "2004.09.26"]
[EventType "team-tourn"]
[EventRounds "11"]
[EventCountry "HUN"]
[SourceTitle "EXT 2009"]
[Source "ChessBase"]
[SourceDate "2008.11.26"]
[SourceVersion "1"]
[SourceVersionDate "2008.11.26"]
[SourceQuality "1"]
[WhiteTeam "Balatonfuered"]
[BlackTeam "Husi II"]
[WhiteTeamCountry "HUN"]
[BlackTeamCountry "HUN"]

1. d4 Nf6 2. Bg5 e6 3. e4 Be7 4. e5 Nd5 5. Bxe7 Qxe7 6. a3 c5 7. Nf3 Nc6 8. c4 Nf4 9. dxc5 0-0 10. b4 f6 11. Qd6 Qf7 12. Nbd2 Nxe5 13. Nxe5 fxe5 14. Ne4 Qf5 15. f3 h5 16. 0-0-0 b6 17. c6 dxc6 18. Qxc6 Rb8 19. Nd6 Qg5 20. h4 Ne2+ 21. Kc2 Qe3 22. Bxe2 Qxe2+ 23. Rd2 Qe3 24. Nb5 a6 25. Nc3 Bb7 26. Qxe6+ Kh8 27. Re2 Bc8 28. Rxe3 Bxe6 29. Rxe5 Bxc4 30. Rxh5+ Kg8 31. Re5 Rbc8 32. Rd1 Rc7 33. Rd6 Rfc8 34. Re3 a5 35. Rxb6 a4 36. Rd6 Bb3+ 37. Kb2 Rc4 38. g3 Kf8 39. f4 R8c7 40. b5 Kf7 41. Red3 1-0

[Event "HUN-chT2 Breyer 0405"]
[Site "Hungary"]
[Date "2005.01.23"]
[Round "6"]
[White "Meixner, Ferenc"]
[Black "Kosa, Gergely"]
[Result "1-0"]
[WhiteElo "2180"]
[BlackElo "2090"]
[PlyCount "65"]
[EventDate "2004.09.26"]
[EventType "team-tourn"]
[EventRounds "11"]
[EventCountry "HUN"]
[SourceTitle "EXT 2009"]
[Source "ChessBase"]
[SourceDate "2008.11.26"]
[SourceVersion "1"]
[SourceVersionDate "2008.11.26"]
[SourceQuality "1"]
[WhiteTeam "Zoltek"]
[BlackTeam "Husi II"]
[WhiteTeamCountry "HUN"]
[BlackTeamCountry "HUN"]

1. d4 Nf6 2. Nf3 g6 3. Bf4 Bg7 4. Nbd2 0-0 5. e4 d6 6. Bc4 Nc6 7. 0-0 Nh5 8. Be3 e5 9. dxe5 Nxe5 10. Nxe5 Bxe5 11. f4 Bxb2 12. Rb1 Bg7 13. f5 Nf6 14. fxg6 hxg6 15. Bg5 d5 16. exd5 c6 17. Ne4 Bf5 18. Nxf6+ Bxf6 19. Bxf6 Qxf6 20. Rxb7 Rad8 21. Bb3 cxd5 22. Bxd5 Qd6 23. c4 Qc5+ 24. Kh1 Be6 25. Qf3 Bxd5 26. cxd5 Qxd5 27. Qxd5 Rxd5 28. Rxa7 Rd2 29. h3 Rc8 30. Rfxf7 Rc1+ 31. Kh2 Rcc2 32. Rg7+ Kf8 33. Rxg6 1-0

[Event "HUN-chT2 Breyer 0304"]
[Site "Hungary"]
[Date "2004.02.22"]
[Round "8"]
[White "Kosa, Gergely"]
[Black "Fekete, Istvan1"]
[Result "1/2-1/2"]
[WhiteElo "2055"]
[BlackElo "2100"]
[PlyCount "125"]
[EventDate "2003.09.28"]
[EventType "team-tourn"]
[EventRounds "11"]
[EventCountry "HUN"]
[SourceTitle "EXT 2009"]
[Source "ChessBase"]
[SourceDate "2008.11.26"]
[SourceVersion "1"]
[SourceVersionDate "2008.11.26"]
[SourceQuality "1"]
[WhiteTeam "Husi II"]
[BlackTeam "Vertesi Eromu"]
[WhiteTeamCountry "HUN"]
[BlackTeamCountry "HUN"]

1. e4 c5 2. Nf3 Nc6 3. d4 cxd4 4. Nxd4 Nf6 5. Nc3 g6 6. Nxc6 bxc6 7. e5 Ng8 8. Bc4 Bg7 9. Qf3 f5 10. Bf4 e6 11. 0-0 Qc7 12. Rad1 Ne7 13. Rfe1 0-0 14. Qd3 Rb8 15. Bb3 Rb4 16. g3 Nd5 17. Nxd5 cxd5 18. a3 Re4 19. f3 Rxe1+ 20. Rxe1 Bb7 21. Qd4 a6 22. Kg2 Rc8 23. c3 Bc6 24. Ba2 Qb7 25. Re2 Bb5 26. Rc2 d6 27. Qe3 g5 28. exd6 gxf4 29. Qxe6+ Kh8 30. Bxd5 Bc6 31. Bxc6 Qxc6 32. Qxf5 Rf8 33. Qd3 fxg3 34. hxg3 Be5 35. d7 Qc7 36. f4 Bf6 37. Rd2 Rg8 38. Qe4 Qd8 39. Kf3 Qf8 40. Rf2 Qg7 41. Qf5 Qxg3+ 42. Ke4 Qg6 43. Qxg6 Rxg6 44. Kd5 Bd8 45. Re2 h5 46. Re8+ Rg8 47. c4 Kg7 48. Kd6 Kf7 49. Re2 Rg6+ 50. Kd5 h4 51. c5 h3 52. Rh2 Rh6 53. c6 Bc7 54. b4 Kf6 55. a4 Kf5 56. a5 Kxf4 57. b5 Rh5+ 58. Ke6 Rxb5 59. Ke7 Kg3 60. Rd2 Bxa5 61. d8Q Bxd8+ 62. Kxd8 Rc5 63. c7 1/2-1/2

[Event "HUN-chT2 Breyer 0304"]
[Site "Hungary"]
[Date "2003.10.05"]
[Round "2"]
[White "Strenner, Balazs"]
[Black "Kosa, Gergely"]
[Result "1-0"]
[WhiteElo "1885"]
[BlackElo "2055"]
[PlyCount "63"]
[EventDate "2003.09.28"]
[EventType "team-tourn"]
[EventRounds "11"]
[EventCountry "HUN"]
[SourceTitle "EXT 2009"]
[Source "ChessBase"]
[SourceDate "2008.11.26"]
[SourceVersion "1"]
[SourceVersionDate "2008.11.26"]
[SourceQuality "1"]
[WhiteTeam "MAV Elore"]
[BlackTeam "Husi II"]
[WhiteTeamCountry "HUN"]
[BlackTeamCountry "HUN"]

1. e4 c5 2. c3 Nf6 3. e5 Nd5 4. d4 cxd4 5. Nf3 Nc6 6. Bc4 Nb6 7. Bb3 e6 8. Nbd2 dxc3 9. Ne4 cxb2 10. Bxb2 Bb4+ 11. Kf1 Be7 12. Nd6+ Kf8 13. Nd2 Nb4 14. N2e4 N4d5 15. Qh5 Bxd6 16. Nxd6 Qe7 17. Ba3 g6 18. Qh6+ Kg8 19. Nf5 exf5 20. Bxe7 Nxe7 21. h4 a5 22. h5 a4 23. Bc2 Nc4 24. hxg6 fxg6 25. Qg5 Nd5 26. Bxf5 Nxe5 27. Bxg6 Nxg6 28. Qxd5+ Kg7 29. Qd4+ Kf7 30. Rh3 Ra6 31. Rf3+ Kg8 32. Qc4+ 1-0